000
00327nam a2200121Ia 4500
008
250327s9999 xx 000 0 und d
020
_a
9789354791680
082
_b
AND
_a
CQR
100
_a
DONALD L. ANDER
_9
34537
245
0
_a
ORGANIZATION DEVELOPMENT: THE PROCESS OF LEADING ORGANIZATIONAL CHANGE
260
_b
SAGE
942
_c
BK
999
_c
7337
_d
7337